| 000 | | | 04088nmc2a22002773x 450 |
| 001 | | | 135c6e0e-6556-4b64-9d46-d39505204dad |
| 005 | | | 20240109094557.0 |
| 100 | ## | $a | 20231107l1888 k y0rusy50 ca |
| 101 | 0# | $a | rus |
| 102 | ## | $a | RU |
| 105 | ## | $a | a z ||||| |
| 122 | 0# | $a | d18881231 |
| 200 | 1# | $a | Полный послужной список генерал-адъютанта Михаила Тариэловича Лорис-Меликова |
| | $j | [19--] |
| 215 | ## | $a | 22 листа |
| | $c | табл. |
| | $d | 36 х 24,5 |
| 251 | ## | $c | Дело |
| 300 | ## | $a | На папке дела: б/д |
| 300 | ## | $a | Лист: 22об - черная сургучная печать с оттиском герба |
| 300 | ## | $a | Листы в деле повреждены по сгибу (снизу) |
| 300 | ## | $a | Рукописный и типографский текст |
| 325 | ## | $a | Замикрофильмировано |
| 461 | #0 | $1 | 001cda3d175-ae4a-411a-8dea-9cc20fb178f6 |
| | $1 | 2001 |
| | $a | Лорис-Меликов Михаил Тариелович, граф, министр внутренних дел, главный начальник "верховной распорядительной комиссии по охранению государственного порядка и общественного спокойствия", генерал от кавалерии |
| | $1 | 251 |
| | $c | Фонд |
| | $1 | 852 |
| | $j | 569 |
| 462 | #0 | $1 | 001163e060a-d7cc-404d-90ee-e28c9801971b |
| | $1 | 2001 |
| | $a | Опись дел фонда М. Т. Лорис-Меликова за 1858-1915 гг. |
| | $v | Д. 1 |
| | $1 | 251 |
| | $c | Опись |
| | $1 | 852 |
| | $j | 1 |
| 600 | #1 | $a | Лорис-Меликов |
| | $b | М. Т. |
| | $c | граф |
| | $g | Михаил Тариэлович |
| 801 | #0 | $a | RU |
| | $b | GA_RF |
| 801 | #1 | $a | RU |
| | $b | ГлавНИВЦ |
| | $c | 20231107 |
| | $2 | rusmarc |
| 801 | #2 | $a | RU |
| | $b | ПБ им. Б.Н. Ельцина |
| | $c | 20240109 |
| | $g | RCR |
| | $2 | rusmarc |
| 852 | ## | $a | ГА РФ |
| | $j | 1 |
| 937 | ## | $d | 190287577 |
| | $h | ГАРФ |
| 035 | ## | $a | RuPRLIB51074470 |
| 856 | ## | $u | http://readingroom.main.prlib.ru/item.aspx?id_node=n190287577&mode=full |